How Innovation Plays a Role in Banking and Increases Profitability

Bankovníctvo sa neustále mení pod marketingovými vplyvmi počas éry obrovského množstva informácií. Kontrola dôležitých špecifík analytických zdrojov, ako sú techniky data miningu, sú pre bankový sektor nevyhnutné. Cieľom je odhaliť cenné informácie z množstva informácií a realizovať lepšie strategic...

Ausführliche Beschreibung

Gespeichert in:
Bibliographische Detailangaben
1. Verfasser: Phanum, Umbaruk Kieta
Format: Buchkapitel
Sprache:Englisch
Schlagworte:
Tags: Tag hinzufügen
Keine Tags, Fügen Sie das erste Tag hinzu!

MARC

LEADER 00000naa a2200000 4500
001 0311513
005 20250708143155.2
041 0 |a eng 
044 |a CZ 
245 1 0 |a How Innovation Plays a Role in Banking and Increases Profitability  |c Umbaruk Kieta Phanum 
520 |a Bankovníctvo sa neustále mení pod marketingovými vplyvmi počas éry obrovského množstva informácií. Kontrola dôležitých špecifík analytických zdrojov, ako sú techniky data miningu, sú pre bankový sektor nevyhnutné. Cieľom je odhaliť cenné informácie z množstva informácií a realizovať lepšie strategické riadenie. Na tento cieľ je dôležitá súčasná analýza existujúcej študijnej problematiky data miningu v bankovníctve. Doterajšie vyhodnotenia sa zaoberajú aplikáciami do roku 2013. Tento článok sa snaží prekonať túto medzeru v tomto skúmaní a poukazuje aj na značný pokrok a najaktuálnejšie implementácie data miningu v bankovníctve. Analýzou trendov, informačných online zdrojov a špecializovaných techník článok poskytuje aj poznatky o nasledujúcom vývoji data miningu v bankovníctve. 
610 2 0 |a bankovníctvo 
610 2 0 |a riadenie strategické 
610 2 0 |a zber dát 
610 2 0 |a spracovanie dát automatické 
610 2 0 |a analýza dát 
610 2 0 |a Big Data 
610 2 0 |a inovácie technologické 
610 2 0 |a riadenie zisku 
610 2 0 |a tvorba zisku 
100 1 |a Phanum, Umbaruk Kieta